| 000 | 00664nam a2200217Ia 4500 | ||
|---|---|---|---|
| 003 | GCL | ||
| 008 | 140319s9999 xx 000 0 ara d | ||
| 040 |
_aGCL / _cGCL |
||
| 082 | 0 | 4 |
_a708 _bص ث |
| 245 | 1 | 0 | _aالثقافة بنية00 وتوجه |
| 260 |
_aالقاهرة : _bصندوق التنمية الثقافية ، _c2002 |
||
| 300 |
_a390 ص ؛ _c32 سم |
||
| 490 |
_aسلسلة العلوم للناشئين _v0 |
||
| 650 | 0 | 4 | _aالمعابد |
| 650 | 0 | 4 | _aالمتاحف |
| 650 | 0 | 4 | _aالترميم |
| 650 | 0 | 4 | _aقصور الثقافة |
| 650 | 0 | 4 | _aالمجلس الاعلى للثقافة |
| 650 | 0 | 4 | _aدار الكتب |
| 942 |
_2ddc _cBK |
||
| 999 |
_c32780 _d32780 |
||